Pri delení SPP vláda ustúpila regulátorovi

K rozdeleniu Slovenského plynárenského priemyslu príde až v roku 2006. Podnik bude mať dve dcéry - SPP preprava a SPP distribúcia. Schválené princípy rozčlenenia SPP sú určitým kompromisom. Úrad pre reguláciu sieťových odvetví vidí nový návrh rozdelenia SPP ako "kvalitatívny posun" oproti pôvodnému...

Full description

Saved in:
Bibliographic Details
Main Author: Slovák, Kristian
Format: Book Chapter
Language:Slovak
Subjects:
Tags: Add Tag
No Tags, Be the first to tag this record!

MARC

LEADER 00000naa$a2200000$$$4500
001 0034988
005 20231009081905.1
041 0 |a slo 
044 |a SK 
245 1 0 |a Pri delení SPP vláda ustúpila regulátorovi  |c Kristian Slovák 
520 |a K rozdeleniu Slovenského plynárenského priemyslu príde až v roku 2006. Podnik bude mať dve dcéry - SPP preprava a SPP distribúcia. Schválené princípy rozčlenenia SPP sú určitým kompromisom. Úrad pre reguláciu sieťových odvetví vidí nový návrh rozdelenia SPP ako "kvalitatívny posun" oproti pôvodnému návrhu. Ministri schválili aj doprivatizáciu Západoslovenskej energetiky (ZSE) a spustili predaj teplární. 
610 2 0 |a energetika 
610 2 0 |a priemysel plynárenský 
610 2 0 |a preprava 
610 2 0 |a distribúcia 
610 2 0 |a privatizácia 
610 2 0 |a teplárenstvo 
610 2 0 |a Slovensko 
100 1 |a Slovák, Kristian